000 00348nam a2200145Ia 4500
008 230711s9999||||xx |||||||||||||| ||und||
041 _aENG
082 _a530
_bAN-E
100 _aAnand,S C
245 0 _aEcyclopedic dictionary of Physics
250 _a6th
260 _c1990
_aNew Delhi
_bAnmol Publication(P) Ltd.
650 _aPhysics
942 _cBK
999 _c607
_d607